000 00527nam a2200217Ia 4500
003 OSt
005 20140311163108.0
008 140130s9999 xx 000 0 und d
020 _a0439228077
050 _aTL 547
_b.H815 2001
100 _aHunter, Ryan Ann
_923143
245 _aTake off /
_cRyan Ann Hunter.
260 _bScholastic,
_c2001.
_aNew York :
300 _a40 p. :
_bcol. ill. ;
_c19 cm.
440 _v1
_931174
521 _aG2
526 _c490
942 _cBK
_2lcc
999 _c40519
_d40519